The first kill 1959 & beyond / (Record no. 522524)
[ view plain ]
| 000 -LEADER | |
|---|---|
| fixed length control field | 01253cam a22003975i 4500 |
| 001 - CONTROL NUMBER | |
| control field | 20657244 |
| 003 - CONTROL NUMBER IDENTIFIER | |
| control field | NUST |
| 005 - DATE AND TIME OF LATEST TRANSACTION | |
| control field | 20181030113144.0 |
| 008 - FIXED-LENGTH DATA ELEMENTS--GENERAL INFORMATION | |
| fixed length control field | 180905s2018 pk a 000 0aeng |
| 010 ## - LIBRARY OF CONGRESS CONTROL NUMBER | |
| LC control number | 2018322594 |
| 020 ## - INTERNATIONAL STANDARD BOOK NUMBER | |
| International Standard Book Number | 9789698898021 |
| 025 ## - OVERSEAS ACQUISITION NUMBER | |
| Overseas acquisition number | P-E-2018322594; 02 |
| 035 ## - SYSTEM CONTROL NUMBER | |
| System control number | (DLC)20657244 |
| 035 ## - SYSTEM CONTROL NUMBER | |
| System control number | (DLC)2018322594 |
| 037 ## - SOURCE OF ACQUISITION | |
| Source of stock number/acquisition | Library of Congress -- Islamabad Overseas Office |
| 038 ## - RECORD CONTENT LICENSOR | |
| Staff Name | WASEEM |
| 040 ## - CATALOGING SOURCE | |
| Original cataloging agency | DLC |
| Language of cataloging | eng |
| Transcribing agency | DLC |
| Description conventions | rda |
| 042 ## - AUTHENTICATION CODE | |
| Authentication code | lcode |
| 043 ## - GEOGRAPHIC AREA CODE | |
| Geographic area code | a-pk--- |
| 050 00 - LIBRARY OF CONGRESS CALL NUMBER | |
| Classification number | UG626.2.C474 |
| Item number | A3 2018 |
| 082 ## - DEWEY DECIMAL CLASSIFICATION NUMBER | |
| Classification number | 923.5 |
| Author Mark | CHO |
| 100 1# - MAIN ENTRY--PERSONAL NAME | |
| Personal name | Choudhry, Rab Nawaz, |
| Relator term | author. |
| 9 (RLIN) | 12443 |
| 245 14 - TITLE STATEMENT | |
| Title | The first kill 1959 & beyond / |
| Statement of responsibility, etc. | Rab Nawaz Choudhry. |
| 246 3# - VARYING FORM OF TITLE | |
| Title proper/short title | First kill 1959 and beyond |
| 264 #1 - PRODUCTION, PUBLICATION, DISTRIBUTION, MANUFACTURE, AND COPYRIGHT NOTICE | |
| Place of production, publication, distribution, manufacture | Lahore : |
| Name of producer, publisher, distributor, manufacturer | Qalam Foundation International, |
| Date of production, publication, distribution, manufacture, or copyright notice | 2018. |
| 300 ## - PHYSICAL DESCRIPTION | |
| Extent | ix, 137 pages : |
| Other physical details | illustrations (chiefly color) ; |
| Dimensions | 23 cm |
| 336 ## - CONTENT TYPE | |
| Content type term | text |
| Content type code | txt |
| Source | rdacontent |
| 337 ## - MEDIA TYPE | |
| Media type term | unmediated |
| Media type code | n |
| Source | rdamedia |
| 338 ## - CARRIER TYPE | |
| Carrier type term | volume |
| Carrier type code | nc |
| Source | rdacarrier |
| 600 10 - SUBJECT ADDED ENTRY--PERSONAL NAME | |
| Personal name | Choudhry, Rab Nawaz. |
| 9 (RLIN) | 12443 |
| 610 10 - SUBJECT ADDED ENTRY--CORPORATE NAME | |
| Corporate name or jurisdiction name as entry element | Pakistan. |
| Subordinate unit | Air Force |
| Form subdivision | Biography. |
| 9 (RLIN) | 12444 |
| 710 2# - ADDED ENTRY--CORPORATE NAME | |
| Corporate name or jurisdiction name as entry element | Qalam Fāʼūnḍeshan. |
| 9 (RLIN) | 12445 |
| 906 ## - LOCAL DATA ELEMENT F, LDF (RLIN) | |
| a | 7 |
| b | cbc |
| c | origode |
| d | 3 |
| e | ncip |
| f | 20 |
| g | y-gencatlg |
| 942 ## - ADDED ENTRY ELEMENTS (KOHA) | |
| Source of classification or shelving scheme | |
| Koha item type | Book |
| Withdrawn status | Lost status | Source of classification or shelving scheme | Damaged status | Not for loan | Permanent Location | Current Location | Date acquired | Total Checkouts | Total Renewals | Full call number | Barcode | Date last seen | Date last checked out | Price effective from | Koha item type |
|---|---|---|---|---|---|---|---|---|---|---|---|---|---|---|---|
| Central Library (CL) | Central Library (CL) | 10/30/2018 | 1 | 3 | 923.5 CHO | CL-D-15 | 04/05/2022 | 10/11/2021 | 10/30/2018 | Book |
